Countries That Border Germany On An Empty Map - Statistics

General Stats
  • This quiz has been taken 234 times
  • The average score is 8 of 9
Answers on the Map
Answers color-coded by a green-red scale on the quiz's map according to % correct below.
 
Answer Stats
Country % Correct
France
97%
Netherlands
95%
Poland
95%
Austria
93%
Belgium
93%
Denmark
92%
Switzerland
91%
Czech Republic
88%
Luxembourg
88%
No matching quizzes found
Score Distribution
Percent of People with Each Score
Percentile by Number Answered
Your Score History
You have not taken this quiz